000 00452nam a22001817a 4500
003 CEME
005 20210628202042.0
008 210224b xxu||||| |||| 00| 0 eng d
020 _a81-7169-584-1
040 _c.
082 _a658.301 CHO
100 _aChoudhary, A.K
_918394
245 _aModern management techniques
260 _aNEW DELHI
_bCOMMONWEALTH
_c1999
300 _aV480P
650 _aMANAGEMENT TECHNIQUES
_958073
942 _cBK
_2ddc
999 _c568289
_d568289